000 01068nam a2200277Ia 4500
003 OSt
005 20221005110812.0
006 a|||||r|||| 00| 0
007 ta
008 221004b |||||||| |||| 00| 0 hin d
020 _a8126704152 (hbk)
_c495
024 _a24347
037 _b7328, 07/01/2016, Rajkamal Prakashan Pvt. Ltd.
_cTextual
040 _aCRL
_cCRL
_bhin
041 _2hin
_ahin
082 _aO142,3M92,PU, 152P2
100 _aफ़ेदिन, कोन्स्तान्तिन
245 0 _aपहली उमगें
246 _aPahalī umagean
260 _aनई दिल्ली
_bराजकमल प्रकाशन भारत
_c2003
300 _a359पृ0
_ccm.
490 _aविश्व क्लासिक श्रृंखला: थाती
650 _aरशियन कहानी
942 _hO142,3M92,PU, 152P2
_cTEXL
_2cc
999 _c1019928
_d1019928